| 000 | 01468nam a2200373 i 4500 | ||
|---|---|---|---|
| 005 | 20220317002054.0 | ||
| 007 | ta | ||
| 008 | 201204r20122015ck a|||jr6||| 00| fdspa d | ||
| 020 | _a9789587764932 | ||
| 040 |
_aCO-BoRNBP _bspa _erda _cCO-BoRNBP |
||
| 041 | 0 | _aspa | |
| 084 | _aNG ORT9 | ||
| 100 | 1 |
_aOrtega, Francisco _d1974- _eautor |
|
| 245 | 1 | 0 |
_aMochadick _bla leyenda de la ballena blanca _cautores e ilustradores Francisco Ortega, Gonzalo Martínez |
| 250 |
_aPrimera edición _bPrimera reimpresión |
||
| 264 | 1 |
_aBogotá _bNorma _c2016 _c2017 |
|
| 300 |
_a142 páginas _bilustraciones _c23 cm |
||
| 336 |
_2rdacontent _atexto _btxt |
||
| 337 |
_2rdamedia _asin mediación _bn |
||
| 338 |
_2rdacarrier _avolumen _bnc |
||
| 490 | 0 | _aLibro fuera de serie | |
| 504 | _aIncluye referencias bibliográficas a final del texto | ||
| 521 | _aRecomendado para un público mayor de 15 años | ||
| 545 | _aIncluye datos biográficos del autor e ilustrador en la solapa | ||
| 586 | _aObra galardonada con el Premio Marta Brunet Literatura Infantil y Juvenil , 2013 | ||
| 650 | 1 | 7 |
_2LEMB _aNovela gráfica chilena _ySiglo XX |
| 650 | 1 | 7 |
_2LEMB _aLiteratura juvenil chilena _ySiglo XX |
| 650 | 1 | 7 |
_2LEMB _aAutores chilenos _ySiglo XX |
| 650 | 1 | 7 |
_2LEMB _aHistorias de aventuras _vNovela gráfica |
| 650 | 1 | 7 |
_2LEMB _aBallenas _vNovela gráfica |
| 650 | 1 | 7 |
_2LEMB _aNáufragos _vNovela gráfica |
| 700 | 1 |
_aMartínez, Gonzalo _eautor _9163460 |
|
| 942 |
_2loc _cBKLIT |
||
| 999 |
_c9095 _d9095 |
||